01814 2200853 4500001002100000005001500021035002000036008004100056245004600097100002000143250000600163260003400169300002900203020002000232084001400252082000800266650001400274990001200288990001200300990001200312990001200324990001200336990001200348990001200360990001200372990001200384990001200396990001200408990001200420990001200432990001200444990001200456990001200468990001200480990001200492990001200504990001200516990001200528990001200540990001200552990001200564990001200576990001200588990001200600990001200612990001200624990001200636990001200648990001200660990001200672990001200684990001200696990001200708990001200720990001200732990001200744990001200756990001200768990001200780990001200792990001200804990001200816990001200828990001200840990001200852990001200864990001200876990001200888990001200900990001200912990001200924990001200936990001200948INLIS00000000000007320240502103528 a0010-0424000049240502 0 ind 1 aBaud Basa Jawa Kelas XI /cNanik Herawati aHerawati, Nanik a1 aSolo :bIntan Pariwara,c2015 a190 hlm ;c15 cm x 21 cm a978-792-201-963 a400 NAN b a400 4aNon Fiksi a0737267 a0737161 a0737162 a0737163 a0737164 a0737165 a0736918 a0736919 a0736920 a0736921 a0736922 a0736923 a0736924 a0736925 a0736926 a0736927 a0736928 a0736929 a0736930 a0736931 a0736932 a0736933 a0736934 a0736935 a0736936 a0736937 a0736938 a0736939 a0736940 a0736941 a0736942 a0736943 a0736944 a0736945 a0736946 a0736947 a0736948 a0736949 a0736950 a0736951 a0736952 a0736953 a0736954 a0736955 a0736956 a0736957 a0736958 a0736959 a0736960 a0736961 a0736962 a0736963 a0736964 a0736965 a0736966 a0736967